| 000 | 01042nam a22002777a 4500 | ||
|---|---|---|---|
| 005 | 20160317085014.0 | ||
| 008 | 160317b1990 ck ||||fr|||| 001 0 spa d | ||
| 020 | _a968361673X | ||
| 040 |
_aCO-BoIAVH _cCO-BoIAVH |
||
| 041 | 0 | _aspa | |
| 044 | _amx | ||
| 082 | 0 | 4 |
_a599.40723 _bA71i |
| 100 | 1 | _aArita, Héctor T. | |
| 245 | 1 | 0 |
_aInteracciones flor-murciélago : _bun enfoque zoocéntrico / _cHéctor T. Arita y Carlos Martínez del Río |
| 250 | _aPrimera edición | ||
| 260 |
_aMéxico D. F. : _bUniversidad Nacional Autónoma de México -- Instituto de Biología, _c1990. |
||
| 300 |
_a35 páginas ; _c23 x 16 centímetros |
||
| 490 | 0 |
_aPubliaciones especiales del Instituto de Biología ; _v4 |
|
| 504 | _aIncluye referencias bibliográficas: páginas 31-35. | ||
| 650 | 6 | _aChiroptera | |
| 650 | 4 |
_aMurciélagos _xecología |
|
| 650 | 4 |
_aMurciélagos _xFisiología animal |
|
| 650 | 4 |
_aMurciélagos _xmorfología |
|
| 700 | 1 |
_aMartínez del Río, Carlos _eautor |
|
| 942 |
_2ddc _cLIBRO |
||
| 999 |
_c18235 _d18235 |
||